Normal view
MARC view
- Nandeedkar D
Entry Personal Name
001 - CONTROL NUMBER
- control field: 5530
003 - CONTROL NUMBER IDENTIFIER
- control field: OSt
005 - DATE AND TIME OF LATEST TRANSACTION
- control field: 20180125110939.0
008 - FIXED-LENGTH DATA ELEMENTS
- fixed length control field: 180125|| aca||aabn | a|a d
040 ## - CATALOGING SOURCE
- Original cataloging agency: OSt
- Transcribing agency: OSt
100 ## - HEADING--PERSONAL NAME
- Personal name: Nandeedkar D
670 ## - SOURCE DATA FOUND
- Source citation: Work cat.: (OSt): Nandeedkar D, Reaching Womahood, 1999